Normal view
MARC view
- Halliday, David,
Entry Personal Name
001 - CONTROL NUMBER
- control field: 19458
003 - CONTROL NUMBER IDENTIFIER
- control field: NUST
005 - DATE AND TIME OF LATEST TRANSACTION
- control field: 20190823054319.0
008 - FIXED-LENGTH DATA ELEMENTS
- fixed length control field: 190823|| aca||aabn | a|a d
040 ## - CATALOGING SOURCE
- Original cataloging agency: NUST
- Transcribing agency: NUST
100 ## - HEADING--PERSONAL NAME
- Personal name: Halliday, David,
- Dates associated with a name: 1916-
670 ## - SOURCE DATA FOUND
- Source citation: Work cat.: (NUST)0: halliday 19457, Fundamentals of physics., c2008-
